Statistiques concernant Quiz sur le Venezuela

Cliquez ici pour prendre le quiz!

Statistiques générales

  • Ce quiz a été pris 7 274 fois
  • Le résultat moyen est 11 sur 20

Statistiques - réponses

HintRéponse% Correct
Langue officielleEspagnol
99%
Pays frontaliersColombie
97%
Pays frontaliersBrésil
95%
Pays frontaliersGuyana
90%
CapitaleCaracas
87%
Mer qui borde le VenezuelaMer des Caraïbes
81%
Amerigo Vespucci aurait nommé le
Venezuela d'après cette ville européenne
Venise
76%
Le Venezuela a plus de réserves en
___ que n'importe quel autre pays
Pétrole
71%
Phénomène économique qui a atteint
1 000 000% au Venezuela en 2018
Inflation
68%
Chaîne de montagnes principaleAndes
67%
Sport le plus populaireBaseball
42%
Général indépendantiste qui a donné
son nom à la devise monétaire du pays
Simón Bolívar
41%
Président du Venezuela de 1999 à 2013Hugo Chávez
37%
Président du Venezuela, depuis 2013Nicolás Maduro
33%
Plus haute chute d'eau au mondeSalto {Ángel}
25%
Plus grande île vénézuélienne, dont
le nom évoque un cocktail à la tequila
M{argarita}
23%
Quatrième fleuve du monde par le débitO{rénoque}
16%
Contrairement à ce que son nom
pourrait laisser penser, ce « lac »
célèbre est en réalité une baie
Lac {Maracaibo}
14%
Président autoproclamé, depuis 2019Juan Guaidó
13%
Surnom donné par Christophe Colomb
au Venezuela, encore utilisé de nos jours
Terre de {Grâce}
5%

Distribution des résultats

Percentile par nombre de réponses

% des personnes avec chaque résultat

Votre développement - résultats

Vous n’avez pas pris ce quiz